000 00418nam a2200169Ia 4500
008 131103s9999 xx 000 0 und d
040 _aLoreto College
041 _aEnglish
082 _aCHBK-I/LID
_bLCBED/5982
100 _aLida
245 _aScaf
_b the seal
_cLida
260 _aLondon
_bGeorge allen & unwin
_c[19?]
300 _a33p
_c 18cm.
650 _aCHBK-I
850 _aLCBED/CHBK-I/LID
942 _cBK
999 _c31630
_d82109